Genetic data analysis II (Registro nro. 5181)

Detalles MARC
000 -CABECERA
Campo de control 00659nam a2200229 a 4500
005 - FECHA Y HORA DE LA ULTIMA TRANSACCION
Campo de control 20200529133809.0
008 - ELEMENTOS DE LONGITUD FIJA—INFORMACION GENERAL
Campo de control 140318b1996 enk||||| |||| 00| 0 eng d
040 ## - FUENTE DE CATALOGACIÓN
Agencia catalogadora original CO-BoIAVH
Agencia transcriptora CO-BoIAVH
041 ## - IDIOMA
Código de idioma para texto/pista de sonido o título separado Inglés
044 ## - PAÍS DE PUBLICACIÓN
País de publicación Inglaterra
082 ## - NUMERO DE CLASIFICACION DECIMAL DEWEY
Número de clasificación 576.50151
090 ## - CLASIFICACIÓN LOCAL
Colección LB
Consecutivo 04543
100 ## - ASIENTO PRINCIPAL--NOMBRE PERSONAL
Nombre personal Weir, Bruce S.
245 ## - MENCION DE TITULO
Título Genetic data analysis II
Parte restante del título methods for discrete population genetic data
260 ## - PUBLICACION, DISTRIBUCION, ETC. (PIE DE IMPRENTA)
Lugar de publicación, distribución, etc. Sunderland
Nombre del editor, distribuidor, etc. Sinauer Associates
Fecha de publicación, distribución, etc. 1996
300 ## - DESCRIPCION FISICA
Extensión 445 p.
650 #0 - ASIENTO SECUNDARIO DE MATERIA - TERMINO TEMATICO
Término temático o nombre geográfico como elemento de entrada Genética cuantitativa
650 #0 - ASIENTO SECUNDARIO DE MATERIA - TERMINO TEMATICO
Término temático o nombre geográfico como elemento de entrada Genética de población.
650 #0 - ASIENTO SECUNDARIO DE MATERIA - TERMINO TEMATICO
Término temático o nombre geográfico como elemento de entrada Frecuencia genética
942 ## - ELEMENTOS ADICIONALES (KOHA)
Tipo de ítem Libro
Sistema de clasificación Dewey Decimal Classification
945 ## - PROCESAMIENTO LOCAL
AAAA-MM-DD - Fecha de ingreso o modificacion 2006-01-17
Existencias
Withdrawn status Lost status Sistema de Clasificación Damaged status No para préstamo Colección Ubicación Permanente Ubicación actual Fecha de adquisición Fuente de Valor Total Checkouts Número topográfico Inventario / Código de Barras Date last seen Ejemplar Price effective from Forma de adquisición Tipo de material
    Local     General Villa de Leyva Villa de Leyva 17/01/2006 CID Humboldt   LB-04543 022909 04/12/2012 Ej. 1 04/12/2012 Compra Libro